00711nam a2200205 u 450000100100000000500170001000800410002702000150006804000250008308200150010810000200012324000390014324501550018226000360033730000210037349000320039470000270042671000200045383000320047300003614120200930074920.0111219s1973 sp r 000 0 spa d a8470530860 aDO-SdBNPbspacBNPHU axxxxbS3491 aSchmidt, Alfred10aGeschichte und strukturlespañol10aHistroia y estructura :bcrítica del estructuralismo marxista /cAlfres Schmidt ; traducción Gustavo Muñoz ; revición y notas: Jacobo Muñoz. aMadrid :bPlaza Mayor,c[1973]. a161 p. ;c21 cm.1 aSerie Bv27, comunicación1 aMuñoz, Gustavo,etr.1 aMuñoz, Jacobo 0aSerie Bv27, comunicación